Vista normal
Vista MARC
Entrada Nombre geográfico
Número de registros utilizados en: 2
001 - NÚMERO DE CONTROL
- campo de control: 84410
003 - IDENTIFICADOR DEL NÚMERO DE CONTROL
- campo de control: DO-SdBNP
005 - FECHA Y HORA DE LA ÚLTIMA TRANSACCIÓN
- campo de control: 20231006113746.0
008 - DATOS DE LONGITUD FIJA
- campo de control de longitud fija: 231006|| aca||aabn | a|a d
040 ## - FUENTE DE LA CATALOGACIÓN
- Centro catalogador/agencia de origen: DO-SdBNP
- Centro/agencia transcriptor: DO-SdBNP
151 ## - ENCABEZAMIENTO--NOMBRE GEOGRÁFICO
- Nombre geográfico: España
- Subdivisión general: Historia
- Subdivisión cronológica: 1814-1833 (Fernando VII)
670 ## - FUENTE DE DATOS ENCONTRADOS
- Cita de la fuente: Work cat.: (DO-SdBNP)55105: Marx, Karl, 1818-1883 30439, La España revolucionaria /
